| 000 -ლიდერი |
| ფიქსირებული სიგრძის საკონტროლო ველი |
01368nam a2200253Ia 4500 |
| 001 - საკონტროლო ნომერი |
| საკონტროლო ველი |
20323 |
| 003 - საკონტროლო ნომრის იდენტიფიკატორი |
| საკონტროლო ველი |
GE_BSU |
| 005 - ბოლო ოპერაციის თარიღი და დრო |
| საკონტროლო ველი |
20200910183526.0 |
| 008 - ფიქსირებული სიგრძის მონაცემთა ელემენტები - ზოგადი ინფორმაცია |
| ფიქსირებული სიგრძის საკონტროლო ველი |
181216s1939||||ge |||||||||||||| ||geo|| |
| 040 ## - კატალოგიზაციის წყარო |
| Transcribing agency |
GE_BSU |
| 041 ## - ენის კოდი |
| Language code of text/sound track or separate title |
geo |
| 080 ## - უნივერსალური ათობითი კლასიფიკაციის ინდექსი |
| Universal Decimal Classification number |
811.353.1(072) + 821.353.1(072) დ-74 |
| 100 ## - მთავარი ჩანაწერი - პიროვნების სახელი |
| Personal name |
დონაძე, კ. |
| 9 (RLIN) |
7718 |
| 245 ## - ცნობა სათაურის შესახებ |
| Title |
წერითი მეტყველების სახეები ქართულ ენასა და ლიტერატურაში / |
| Statement of responsibility, etc |
კ. დონაძე ; რედ. ვ. რამიშვილი. |
| 264 ## - წარმოების, გამოცემის, დისტრიბუციის და სხვა ცნობები |
| გამოცემის, წარმოების, დისტრიბუციის... ადგილი |
თბილისი : |
| გამოცემის, წარმოების, დისტრიბუციის... სახელწოდება |
ინსტიტუტის გამომცემლობა, |
| გამოცემის, წარმოების, დისტრიბუციის... თარიღი |
1939. |
| 300 ## - ფიზიკური აღწერა |
| Extent |
64 გვ. ; |
| Dimensions |
22 სმ. |
| 653 ## - INDEX TERM--UNCONTROLLED |
| Uncontrolled term |
ქართული ენა და ლიტერატურა |
| 653 ## - INDEX TERM--UNCONTROLLED |
| Uncontrolled term |
წერითი მეტყველება ქართულ ენაში |
| 653 ## - INDEX TERM--UNCONTROLLED |
| Uncontrolled term |
წერითი მეტყველება ქართულ ლიტერატურაში |
| 700 ## - ADDED ENTRY--PERSONAL NAME |
| Personal name |
დონაძე, კ. |
| Relator term |
რედაქტორი |
| 9 (RLIN) |
7718 |
| 710 ## - ADDED ENTRY--CORPORATE NAME |
| Corporate name or jurisdiction name as entry element |
დაწყებითი და საშუალო სკოლის სახელმწიფო სამეცნიერო-საკვლევო ინსტიტუტი |
| 9 (RLIN) |
9514 |
| 942 ## - ADDED ENTRY ELEMENTS (KOHA) |
| Koha item type |
წიგნი |
| Source of classification or shelving scheme |
|